10 państw najbliżej Słowenii (z mapą) - Statystyki

Ogólne statystyki
  • Ten quiz został rozwiązany 79 razy
  • Średni wynik to 10 z 10
Odpowiedzi na mapie
Odpowiedzi zakodowano w zielono-czerwonej skali na mapie do tego quizu, zgodnie z poniższymi procentami.
 
Statystyki odpowiedzi
km Państwo % Poprawnych
0 Austria
100%
218 Czechy
100%
142 Słowacja
100%
0 Węgry
100%
0 Chorwacja
99%
182 Serbia
99%
0 Włochy
99%
117 Niemcy
97%
45 Bośnia i Hercegowina
96%
185 San Marino
94%
Nie znaleziono quizów pasujących do podanych kryteriów
Rozkład punktacji
Procent ludzi z każdym wynikiem
Percentyl według liczby udzielonych odpowiedzi
Twoja historia wyników
Nie rozwiązałeś tego quizu